00430nam a22001337a 450000500170000000800410001704100130005808200140007110000270008524500770011226000510018930000300024065000260027020231116104941.0231116b |||||||| |||| 00| 0 eng d aEnglish  a343.9 CON aConradie, AMlEnglish  aThe Law of Carriage of Goods by Railway in South Africa / cAM Conradie  aDurban : bButterworth and Company Ltd, c1964 bxv, 165 pages ; c23 cm.  aLegal practice bLaw